| 000 | 01220cam a2200301 a 4500 | ||
|---|---|---|---|
| 001 | exotichale00hale | ||
| 003 | CaSfIA | ||
| 005 | 20210118082047.0 | ||
| 007 | cr|||| | ||
| 008 | 810604s1982 nyub 000 1 eng | ||
| 010 | _a 81009786 | ||
| 040 |
_aDLC _cDLC _dBAKER _dBTCTA _dCLU _dLGG _dCaSfIA |
||
| 035 | _a(OCoLC)7738474 | ||
| 050 | 0 |
_aPS3558.A3574 _bE9 1982 |
|
| 082 | 0 | 4 |
_a813/.54 _219 |
| 100 | 1 | _aHaley, Albert. | |
| 245 | 1 | 0 |
_aExotic / _h[electronic resource] _cAlbert Haley. |
| 250 | _a1st ed. | ||
| 260 |
_aNew York : _bDutton, _cc1982. |
||
| 300 |
_ax, 347 p. : _bmap. ; _c22 cm. |
||
| 856 | 4 | 1 |
_uhttp://www.archive.org/details/exotichale00hale _zFree eBook from the Internet Archive |
| 856 | 4 | 2 |
_uhttp://www.openlibrary.org/books/OL4263927M _zAdditional information and access via Open Library |
| 029 | 1 |
_aNZ1 _b2826984 |
|
| 029 | 1 |
_aAU@ _b000002069684 |
|
| 942 | _cEB | ||
| 506 | _fНеобхідна авторизація на https://archive.org/ (створення облікового запису безкоштовно) | ||
| 506 | _fНеобхідна авторизація на https://openlibrary.org/ (створення облікового запису безкоштовно) | ||
| 999 |
_c494391 _d494391 |
||